| 000 | 00874nam a2200277 a 4500 | ||
|---|---|---|---|
| 001 | 42258 | ||
| 003 | BD-RjUL | ||
| 005 | 20211209053520.0 | ||
| 008 | 160611s1969 mou b 000 0 eng | ||
| 035 | _a(OCoLC)ocm00033380 | ||
| 035 | _a(BD-RjUL)42376 | ||
| 040 |
_aDLC _cDLC _dm.c. _dZCU _dBD-RjUL _beng |
||
| 041 | _aeng | ||
| 082 |
_a327.73 _bSMA 1969 |
||
| 100 | 1 |
_aSmith, Gaddis. _9129956 |
|
| 245 | 1 | 4 |
_aThe aims of American foreign policy / _cGaddis Smith |
| 260 |
_aSt. Louis : _bMcGraw-Hill, _c1969 |
||
| 300 |
_ax, 117 p. ; _c23 cm. |
||
| 490 | 1 | _aGrass roots guidebook series | |
| 500 | _aPart 2 (p. 62-117) contains a selection of historical documents. | ||
| 504 | _aBibliography: p. 59-60. | ||
| 651 | 0 |
_aUnited States _xForeign relations. _9129957 |
|
| 830 | 0 |
_aGrass roots guidebooks series. _9129958 |
|
| 942 |
_2ddc _cBK |
||
| 999 |
_c42258 _d42258 |
||